| 000 | 00552nam a22001817a 4500 | ||
|---|---|---|---|
| 005 | 20251108165514.0 | ||
| 008 | 250721s1999 xx 000 0 ara d | ||
| 082 | 1 | 4 | _aم/818.02/كاظ |
| 100 | 1 | _aالظواهري، كاظم | |
| 245 | 1 | 0 | _aأكثم بن صيفي ومأثوراته / |
| 264 |
_bدار الهدايه-دار الصابوني، _c1999. |
||
| 300 | _a296ص0 | ||
| 490 | 0 | _a- الحكمه العالميه ،1 | |
| 650 | 1 | 7 | _aالحكم(الأمثال) |
| 700 | 1 | _aبن صيفي، اكثم | |
| 942 |
_2ddc _cREF |
||
| 999 |
_c29487 _d29487 |
||